Hartley, coeurs à vif (Personnages de la série) - Statistiques

Statistiques générales
  • Ce quiz a été pris 41 fois
  • Le résultat moyen est 21 sur 40
Statistiques - réponses
Par images Réponse % Correct
Bogdan Drazic
100%
Costa Bordino
94%
Anita Scheppers
89%
Katarina Ianou
89%
Nick Poulos
89%
Alan Bolton
86%
Jodie Cooper
86%
Ryan Scheppers
83%
Peter Rivers
77%
Charlie Byrd
71%
Danielle Miller
71%
Steve Wiley
71%
Matt Logan
69%
Mai Hem
66%
Melanie Black
60%
Sam Robinson
57%
Bill Southgate
54%
Kurt Peterson
51%
Rose Malouf
51%
Stassy Sumich
51%
Declan Costello
49%
Allie Matts
46%
Marc Vialli
46%
Jim Deloraine
43%
Sarah Livingstone
43%
Dennis Klinsmann
40%
Lee Delaine
37%
Yola Fatoush
37%
Thania Saya
34%
Ronnie Brooks
31%
Diana (Di) Barnett
29%
Gemma Whitely
29%
Nikki Ruarke
29%
Rocco Bordino
29%
Hilary Scheppers
26%
Les Bailey
26%
Christina Milano
23%
Chaka Cardenes
20%
Jet
17%
Gerard Albers
11%
Aucun quiz correspondant
Distribution des résultats
% des personnes avec chaque résultat
Percentile par nombre de réponses
Votre historique - résultats
Vous n’avez pas pris ce quiz